Capitals of the World - by Country Population - Statistics

General Stats
  • This quiz has been taken 8 times
  • The average score is 112 of 195
Answer Stats
Hint Answer % Correct
86M Turkey Ankara
100%
71M Thailand Bangkok
100%
1.41B China Beijing
100%
84M Germany Berlin
100%
216M Brazil Brasília
100%
111M Egypt Cairo
100%
173M Bangladesh Dhaka
100%
100M Vietnam Hanoi
100%
277M Indonesia Jakarta
100%
68M United Kingdom London
100%
117M Philippines Manila
100%
129M Mexico Mexico City
100%
144M Russia Moscow
100%
1.43B India New Delhi
100%
65M France Paris
100%
62M South Africa Pretoria
100%
89M Iran Tehran
100%
124M Japan Tokyo
100%
335M United States Washington, D.C.
100%
8.9M United Arab Emirates Abu Dhabi
80%
126M Ethiopia Addis Ababa
80%
45M Algeria Algiers
80%
17M Netherlands Amsterdam
80%
6.6M Paraguay Asunción
80%
10M Greece Athens
80%
45M Iraq Baghdad
80%
9.5M Azerbaijan Baku
80%
7.6M Serbia Belgrade
80%
7.2M Switzerland Bern
80%
52M Colombia Bogotá
80%
5.2M Slovakia Bratislava
80%
11M Belgium Brussels
80%
21M Romania Bucharest
80%
8.8M Hungary Budapest
80%
46M Argentina Buenos Aires
80%
28M Venezuela Caracas
80%
5.4M Denmark Copenhagen
80%
16M Senegal Dakar
80%
2.9M Qatar Doha
80%
4.6M Ireland Dublin
80%
18M Guatemala Guatemala City
80%
11M Cuba Havana
80%
5.4M Finland Helsinki
80%
240M Pakistan Islamabad
80%
7.3M Israel Jerusalem
80%
42M Afghanistan Kabul
80%
30M Nepal Kathmandu
80%
3.0M Jamaica Kingston
80%
100k Saint Vincent and the Grenadines Kingstown
80%
103M Democratic Republic of the Congo Kinshasa
80%
34M Malaysia Kuala Lumpur
80%
37M Ukraine Kyiv
80%
34M Peru Lima
80%
9.7M Portugal Lisbon
80%
650k Luxembourg Luxembourg
80%
48M Spain Madrid
80%
8.6M Belarus Minsk
80%
33k Monaco Monaco
80%
56M Kenya Nairobi
80%
5.1M Norway Oslo
80%
40M Canada Ottawa
80%
4.2M Panama Panama City
80%
16M Cambodia Phnom Penh
80%
10M Czechia Prague
80%
26M North Korea Pyongyang
80%
1.9M Latvia Riga
80%
36M Saudi Arabia Riyadh
80%
59M Italy Rome
80%
4.8M Costa Rica San José
80%
>10k San Marino San Marino
80%
20M Chile Santiago
80%
3.3M Bosnia and Herzegovina Sarajevo
80%
51M South Korea Seoul
80%
5.5M Singapore Singapore
80%
2.1M North Macedonia Skopje
80%
6.4M Bulgaria Sofia
80%
9.1M Sweden Stockholm
80%
24M Taiwan Taipei
80%
1.5M Estonia Tallinn
80%
8.5M Austria Vienna
80%
38M Poland Warsaw
80%
3.9M Croatia Zagreb
80%
10M Jordan Amman
60%
70k Andorra Andorra la Vella
60%
6.2M Lebanon Beirut
60%
26M Australia Canberra
60%
3.8M Moldova Chișinău
60%
17M Syria Damascus
60%
1.0M Djibouti Djibouti
60%
6.8M Hong Kong Hong Kong
60%
49M Sudan Khartoum
60%
4.0M Kuwait Kuwait City
60%
2.1M Slovenia Ljubljana
60%
36M Angola Luanda
60%
14M Somalia Mogadishu
60%
4.7M Liberia Monrovia
60%
3.4M Uruguay Montevideo
60%
400k Bahamas Nassau
60%
11M Haiti Port-au-Prince
60%
8.4M Papua New Guinea Port Moresby
60%
18M Ecuador Quito
60%
37M Morocco Rabat
60%
370k Iceland Reykjavík
60%
5.8M El Salvador San Salvador
60%
10M Dominican Republic Santo Domingo
60%
11M Bolivia Sucre
60%
3.6M Georgia Tbilisi
60%
2.8M Albania Tirana
60%
6.3M Libya Tripoli
60%
11M Tunisia Tunis
60%
3.2M Mongolia Ulaanbaatar
60%
540k Malta Valletta
60%
>10k Vatican City Vatican City
60%
2.7M Lithuania Vilnius
60%
4.4M New Zealand Wellington
60%
29M Cameroon Yaoundé
60%
3.1M Armenia Yerevan
60%
224M Nigeria Abuja
40%
32M Ghana Accra
40%
30M Madagascar Antananarivo
40%
220k Samoa Apia
40%
5.6M Turkmenistan Ashgabat
40%
20M Kazakhstan Astana
40%
22M Mali Bamako
40%
530k Brunei Bandar Seri Begawan
40%
5.9M Kyrgyzstan Bishkek
40%
2.0M Guinea-Bissau Bissau
40%
5.3M Congo Brazzaville
40%
13M Guinea Conakry
40%
820k Guyana Georgetown
40%
14M Zimbabwe Harare
40%
48M Uganda Kampala
40%
2.3M Gabon Libreville
40%
7.0M Togo Lomé
40%
6.1M Nicaragua Managua
40%
1.8M Bahrain Manama
40%
24M Niger Niamey
40%
1.2M Cyprus Nicosia
40%
110k Tonga Nukuʻalofa
40%
23M Burkina Faso Ouagadougou
40%
700k Montenegro Podgorica
40%
340k Vanuatu Port Vila
40%
30M Yemen Sana'a
40%
290k Sao Tome and Principe São Tomé
40%
980k Fiji Suva
40%
35M Uzbekistan Tashkent
40%
9.0M Honduras Tegucigalpa
40%
800k Bhutan Thimphu
40%
39k Liechtenstein Vaduz
40%
6.7M Laos Vientiane
40%
3.5M Eritrea Asmara
20%
4.5M Central African Republic Bangui
20%
2.5M Gambia Banjul
20%
40k Saint Kitts and Nevis Basseterre
20%
400k Belize Belmopan
20%
300k Barbados Bridgetown
20%
210k Saint Lucia Castries
20%
1.4M Timor-Leste Dili
20%
67M Tanzania Dodoma
20%
8.7M Tajikistan Dushanbe
20%
6.9M Sierra Leone Freetown
20%
>10k Tuvalu Funafuti
20%
2.4M Botswana Gaborone
20%
12M Burundi Gitega
20%
720k Solomon Islands Honiara
20%
10M South Sudan Juba
20%
12M Rwanda Kigali
20%
20M Malawi Lilongwe
20%
19M Zambia Lusaka
20%
39k Marshall Islands Majuro
20%
1.7M Equatorial Guinea Malabo
20%
33M Mozambique Maputo
20%
2.2M Lesotho Maseru
20%
1.1M Eswatini Mbabane
20%
900k Comoros Moroni
20%
5.0M Oman Muscat
20%
55M Myanmar Naypyidaw
20%
15M Chad N'Djamena
20%
4.3M Mauritania Nouakchott
20%
610k Suriname Paramaribo
20%
1.3M Mauritius Port Louis
20%
1.6M Trinidad and Tobago Port of Spain
20%
12M Benin Porto-Novo
20%
560k Cape Verde Praia
20%
50k Dominica Roseau
20%
23M Sri Lanka Sri Jayawardenepura Kotte
20%
120k Grenada St. George's
20%
84k Antigua and Barbuda St. John's
20%
130k Kiribati Tarawa
20%
80k Seychelles Victoria
20%
2.6M Namibia Windhoek
20%
29M Côte d'Ivoire Yamoussoukro
20%
>10k Palau Ngerulmud
0%
5.0M State of Palestine Ramallah
0%
>10k Nauru Yaren
0%
No matching quizzes found
Score Distribution
Percent of People with Each Score
Percentile by Number Answered
Your Score History
You have not taken this quiz